000 00304nam a22001457a 4500
008 210304b ||||| |||| 00| 0 eng d
020 _a9780471193500
041 _aeng
080 _23rd
_a541
082 _a541
100 _a12
101 _aKIM
245 _aBiochemistry
_cVoet, D
942 _2udc
_cBK
999 _c55747
_d55747